STRATEGIES FOR THERAPY WITH THE ELDERLY (Record no. 8335)

MARC details
000 -LEADER
fixed length control field 00350nam a22001577a 4500
003 - CONTROL NUMBER IDENTIFIER
control field SGT
020 ## - INTERNATIONAL STANDARD BOOK NUMBER
International Standard Book Number 0-8261-8011-6
082 ## - DEWEY DECIMAL CLASSIFICATION NUMBER
Classification number 616.8, S06B
100 ## - MAIN ENTRY--PERSONAL NAME
Personal name BRODY, CLAIRE M.
245 ## - TITLE STATEMENT
Title STRATEGIES FOR THERAPY WITH THE ELDERLY
250 ## - EDITION STATEMENT
Edition statement 2ND
260 ## - PUBLICATION, DISTRIBUTION, ETC. (IMPRINT)
Place of publication, distribution, etc NEW YORK
Name of publisher, distributor, etc SPRINGER
Year of Publication 2006
300 ## - PAGE DESCRIPTION
No. of Pages 273
650 ## - SUBJECT ADDED ENTRY--TOPICAL TERM
Topical term or geographic name as entry element PSYCHIATRY
942 ## - ADDED ENTRY ELEMENTS (KOHA)
Source of classification or shelving scheme Dewey Decimal Classification
Koha item type Books
Holdings
Withdrawn status Lost status Source of classification or shelving scheme Damaged status Not for loan Collection code Home library Current library Shelving location Date acquired Vendor Name Cost, normal purchase price SGTU Bill Number Total Checkouts Full call number Accession No. (Barcode) Date last seen Bill Date Koha item type
    Dewey Decimal Classification     MEDICAL SGT Medical Library SGT Medical Library Reference Book 05/03/2016 AHUJA BOOK COMPANY 4733.40 SGTU 6069   616.8, S06B FM7362 05/03/2016 11/09/2015 Books